A Success Model for Business Process Management Implementation
Ya que el concepto de gestin̤ de procesos de negocio (BPM) es principalmente multidisciplinario, el x̌ito en su implementacin̤ implica la consideracin̤ de diversos factores. En este documento se exploran siete factores de x̌ito mediante una metasn̕tesis cualitativa basada en investigaciones previas....
Guardat en:
| Altres autors: | , , , |
|---|---|
| Format: | Llibre |
| Idioma: | anglès |
| Matèries: | |
| Accés en línia: | A Success Model for Business Process Management Implementation |
| Etiquetes: |
Afegir etiqueta
Sense etiquetes, Sigues el primer a etiquetar aquest registre!
|
MARC
| LEADER | 00000nam a22000004a 4500 | ||
|---|---|---|---|
| 001 | vpro13738 | ||
| 005 | 20201223000000.0 | ||
| 008 | 180731s2018 ck # g## #001 0#eng#d | ||
| 020 | |||
| 022 | |a 2010-3719 | ||
| 040 | |a CO-BoINGC | ||
| 041 | 0 | |a eng | |
| 245 | 1 | 0 | |a A Success Model for Business Process Management Implementation |
| 246 | |a Un modelo exitoso para la implementacin̤ de la gestin̤ de procesos de negocio | ||
| 264 | |a Bogot ̀(Colombia) : |b Revista VirtualPRO, |c 2018 | ||
| 520 | 3 | |a Ya que el concepto de gestin̤ de procesos de negocio (BPM) es principalmente multidisciplinario, el x̌ito en su implementacin̤ implica la consideracin̤ de diversos factores. En este documento se exploran siete factores de x̌ito mediante una metasn̕tesis cualitativa basada en investigaciones previas. Asimismo, se expande un modelo de x̌ito para mostrar el efecto de tales factores en la implementacin̤ de una BPM. | |
| 650 | \ | \ | |a Gestin̤ industrial |
| 650 | \ | \ | |a Gestin̤ de la produccin̤ |
| 650 | \ | \ | |a Industrial procurement |
| 650 | \ | \ | |a Production management |
| 650 | \ | \ | |a gestin̤ |
| 650 | \ | \ | |a gestin̤ de la produccin̤ |
| 650 | \ | \ | |a gestin̤ de procesos de negocio |
| 650 | \ | \ | |a implementacin̤ |
| 650 | \ | \ | |a factores crt̕icos de x̌ito |
| 650 | \ | \ | |a modelo |
| 650 | \ | \ | |a metasn̕tesis cualitativa |
| 650 | \ | \ | |a management |
| 650 | \ | \ | |a industrial management |
| 650 | \ | \ | |a business process management |
| 650 | \ | \ | |a implementation |
| 650 | \ | \ | |a critical success factors |
| 650 | \ | \ | |a model |
| 650 | \ | \ | |a qualitative meta-synthesis |
| 700 | \ | \ | |a Dabaghkashani A. Zeinab |
| 700 | \ | \ | |a Hajiheydari B. Nastsran |
| 700 | \ | \ | |a Haghighinasab C. Manijeh |
| 700 | \ | \ | |a International Journal of Information and Electronics Engineering |
| 856 | |z A Success Model for Business Process Management Implementation |u https://virtualpro.unach.elogim.com/biblioteca/un-modelo-exitoso-para-la-implementacion-de-la-gestion-de-procesos-de-negocio | ||